| 000 | 01039nam a2200325 a 4500 | ||
|---|---|---|---|
| 001 | 000030221 | ||
| 003 | DO-SdBPM | ||
| 005 | 20260225084953.0 | ||
| 007 | ta | ||
| 008 | 110505s1998 dr r 000 f spa d | ||
| 020 | _z84000184 | ||
| 040 |
_aDO-SdBPM _bspa _cBPMSU _drda |
||
| 082 | 0 | 4 |
_aRD863.44 _bP936m 1998 _222 |
| 100 | 1 |
_aPrestol Castillo, Freddy, _d1914-1981 _eautor _4aut. |
|
| 245 | 1 | 3 |
_aEl Masacre se pasa a pie / _cFreddy Prestol Castillo. |
| 250 | _a10a ed. | ||
| 260 |
_bTaller, _c1991. |
||
| 264 |
_aSanto Domingo : _bEditora Taller, _c1998 |
||
| 300 |
_a153 páginas ; _c21 cm. |
||
| 336 |
_atexto _btxt _2rdacontent |
||
| 337 |
_asin mediación _bn _2rdamedia |
||
| 338 |
_avolumen _bnc _2rdacarrier |
||
| 590 | _aInventariado, 2026/VM | ||
| 650 | 7 | _aNovela histórica dominicana. | |
| 650 | 7 | _aLiteratura dominicana. | |
| 650 | z | _aDominican literature | |
| 651 | 7 |
_aRepúbica Dominicana _xHistoria _yEra de Trujillo , 1930-1961 _vNovela |
|
| 910 | _aVMateo V. Control de calidad. BPMSU | ||
| 942 |
_2ddc _cBK |
||
| 999 |
_c15733 _d15733 |
||